00259nam a2200109Ia 4500008004100000100001800041245001400059260000900073300002700082440002400109650001600133180117s9999 xx 000 0 und d aby Zac Sarian aAgri-talk c2017 a25 pages, 2017 April 2 aPhilippine Panorama aAGRICULTURE